000 00430nam a2200181Ia 4500
003 GCL
008 140319s9999 xx 000 0 eng d
040 _aGCL /
_cGCL
082 0 4 _a823
_bN J
100 1 _aNAIDOO, BEVERLEY
245 1 0 _aJOURNEY TO JO'BURG /
_cNAIDOO, BEVERLEY
260 _a[S.N] :
_bLONGMAN ،
_c1995
300 _a79 P
650 0 4 _aLITERATURE
650 0 4 _aSTORIES
650 0 4 _aENGLISH
942 _2ddc
_cBK
999 _c24530
_d24530